| 000 | 01352cam a22001694a 4500 | ||
|---|---|---|---|
| 005 | 20250605163659.0 | ||
| 008 | 250528s ||||||||||||||||||||||||d | ||
| 035 | _a24202 | ||
| 040 |
_aGR-AtMCL _bgre _dGR-AtMCL _eAACR2 |
||
| 245 | 1 | _aΗ Κοινή Εξωτερική Πολιτική και η Πολιτική Ασφάλειας της Ευρωπαϊκής Ένωσης | |
| 260 |
_bΔιοικητική Μονάδα 'Εκδόσεις' _bΟπτικοακουστικός Τομέας, Πληροφόρηση, Επικοινωνία Και Πολιτιστικά Θέματα, _c1996 |
||
| 300 | _a8 | ||
| 520 | _aΑπό την Πολιτική Συνεργασία στην Κοινή Πολιτική, Η Συνθήκη για την Ευρωπαϊκή Ένωση, Βασικοί Παράγοντες και Διαδικασία για την Λήψη Αποφάσεων, Η Συνθήκη για την Ευρωπαϊκή Ένωση, Πολιτική Ασφαλείας, Κοινές Θέσεις, Κοινές Δράσεις, Κοινές Δηλώσεις, Αναμόρφωση της ΚΕΠΠΑ, Χρηματοδότηση της ΚΕΠΠΑ, Ενίσχυση της Κοινής Εξωτερικής Πολιτικής και της Πολιτικής Ασφάλειας. | ||
| 942 | _cCR | ||
| 999 |
_c9096 _d9096 |
||